00802nam a2200193 a 4500003000200000005001700002008004100019050003200060100001900092245011900111260009300230300004100323504004100364650004700405650003800452650003600490650004600526650003600572020250220123749.0111115s19uu xx 00 eng d aPGS SB 349.R53b.M963 2011  aMun, Ji Hyeon. aThe effects of rice hulls and wood shavings on the shelf life of tomato (Lycopersicum esculentum) /cJi Hyeon Mun. aLas Piñas City, Philippines : bSouthville International School and Colleges, c2011. a18 pages :billustrations ; c28 cm. aIncludes bibliographical references. aLycopersicum esculentum (Tomato)vStorage. aPostharvest technologyvTomatoes. aShelf life (Food preservation). aOrganic storage materialsvEffectiveness. aAgricultural by-productsvUses.